书目信息 |
| 题名: |
理工科代数基础
|
|
| 作者: | 俞正光 著 | |
| 分册: | ||
| 出版信息: | 北京 清华大学出版社 1998.07 |
|
| 页数: | 342页 | |
| 开本: | 32开 | |
| 丛书名: | ||
| 单 册: | ||
| 中图分类: | ||
| 科图分类: | ||
| 主题词: | 代数 , 数论 , 组合数学 | |
| 电子资源: | ||
| ISBN: | 7-302-02977-6 | |
| 000 | 00604nam0 2200229 45 | |
| 001 | 9912021576 | |
| 005 | 20001115182619.6 | |
| 010 | @a7-302-02977-6@d11.50元 | |
| 100 | @a19991202d1998 km y0chiy0120 ea | |
| 101 | @achi | |
| 105 | @a z 000yy | |
| 200 | 1 | @a理工科代数基础@ALi Gong Ke Dai Shu Ji Chu@f俞正光等著@FYu Zheng Guang Deng Zhu |
| 210 | @a北京@c清华大学出版社@d1998.07 | |
| 215 | @a342页@d32开 | |
| 606 | 0 | @a代数 |
| 606 | 0 | @a数论 |
| 606 | 0 | @a组合数学 |
| 690 | @v3 | |
| 690 | @aO15@v3 | |
| 701 | @a俞正光@4著 | |
| 801 | @aCN@bPFTUser@c19991202 | |
| 905 | @dO15@eY285@b407602-621@f20 | |
| 理工科代数基础/俞正光等著.-北京:清华大学出版社,1998.07 |
| 342页;32开 |
| ISBN 7-302-02977-6:11.50元 |
| ● |
| 相关链接 |
|
|
|
正题名:理工科代数基础
索取号:O15/Y285
 
预约/预借
| 序号 | 登录号 | 条形码 | 馆藏地/架位号 | 状态 | 备注 |
| 1 | 407602 | 204076025 | 自科库401/401自科库 40排6列3层/ [索取号:O15/Y285] | 在馆 | |
| 2 | 407603 | 204076034 | 自科二线504/504自科库 36排1列4层/ [索取号:O15/Y285] | 在馆 | |
| 3 | 407604 | 204076043 | 自科二线504/504自科库 36排1列4层/ [索取号:O15/Y285] | 在馆 | |
| 4 | 407605 | 204076052 | 自科二线504/504自科库 36排1列5层/ [索取号:O15/Y285] | 在馆 | |
| 5 | 407606 | 204076061 | 自科二线504/504自科库 36排1列5层/ [索取号:O15/Y285] | 在馆 | |
| 6 | 407607 | 204076070 | 自科二线504/504自科库 36排1列5层/ [索取号:O15/Y285] | 在馆 | |
| 7 | 407608 | 204076089 | 自科二线504/504自科库 36排1列5层/ [索取号:O15/Y285] | 在馆 | |
| 8 | 407609 | 204076098 | 自科二线504/504自科库 36排1列5层/ [索取号:O15/Y285] | 在馆 | |
| 9 | 407610 | 204076105 | 自科二线504/504自科库 36排1列5层/ [索取号:O15/Y285] | 在馆 | |
| 10 | 407611 | 204076114 | 自科二线504/504自科库 36排1列5层/ [索取号:O15/Y285] | 在馆 | |
| 11 | 407612 | 204076123 | 自科二线504/504自科库 36排1列4层/ [索取号:O15/Y285] | 在馆 | |
| 12 | 407613 | 204076132 | 自科二线504/504自科库 36排1列4层/ [索取号:O15/Y285] | 在馆 | |
| 13 | 407614 | 204076141 | 自科二线504/504自科库 36排1列5层/ [索取号:O15/Y285] | 在馆 | |
| 14 | 407615 | 204076150 | 自科二线504/504自科库 36排1列5层/ [索取号:O15/Y285] | 在馆 | |
| 15 | 407616 | 204076169 | 自科二线504/504自科库 36排1列5层/ [索取号:O15/Y285] | 在馆 | |
| 16 | 407617 | 204076178 | 自科二线504/504自科库 36排1列4层/ [索取号:O15/Y285] | 在馆 | |
| 17 | 407618 | 204076187 | 自科二线504/504自科库 36排1列4层/ [索取号:O15/Y285] | 在馆 | |
| 18 | 407619 | 204076196 | 自科库401/401自科库 40排6列3层/ [索取号:O15/Y285] | 在馆 | |
| 19 | 407620 | 204076203 | 自科库401/401自科库 40排6列3层/ [索取号:O15/Y285] | 在馆 | |
| 20 | 407621 | 204076212 | 自科二线504/504自科库 36排1列5层/ [索取号:O15/Y285] | 在馆 |